| 000 | 00876cam a22002773a 4500 | ||
|---|---|---|---|
| 001 | 10657 | ||
| 003 | PGUSA | ||
| 005 | 20140828083227.0 | ||
| 008 | 040101s2004||||xxu|||||s|||||000 | eng d | ||
| 040 |
_aPGUSA _beng |
||
| 042 | _adc | ||
| 050 | 4 | _aPA | |
| 100 | 1 |
_aCaesar, Julius, _d-100--44 |
|
| 245 | 1 | 0 |
_a"De Bello Gallico" and Other Commentaries _h[electronic resource] / _cJulius Caesar |
| 260 |
_bProject Gutenberg, _c2004 |
||
| 505 | 0 | _aThe war in Gaul -- The civil war. | |
| 506 | _aPublic domain in the USA. | ||
| 516 | _aElectronic text | ||
| 653 | _aRome -- History -- Civil War, 49-48 B.C. | ||
| 653 | _aGaul -- History -- Gallic Wars, 58-51 B.C. | ||
| 700 | 1 |
_aDe Quincey, Thomas, _d1785-1859 |
|
| 700 | 1 |
_aMcDevitte, W. A. _q(William Alexander) |
|
| 830 | 0 |
_aProject Gutenberg _v10657 |
|
| 856 | 4 | 0 | _uhttp://www.gutenberg.org/ebooks/10657 |
| 942 | _cEB | ||
| 999 |
_c239912 _d239912 |
||